| 000 | 00897nam a2200205Ia 4500 | ||
|---|---|---|---|
| 003 | Ost | ||
| 005 | 20260507075258.0 | ||
| 008 | 260507s9999||||xx |||||||||||||| ||und|| | ||
| 040 | _cfsecg | ||
| 041 | _aara | ||
| 082 | _a330 | ||
| 100 |
_aالمصري، محمد أحمد _eمؤلف |
||
| 245 | 0 |
_aالعلاقات العامة / _c محمد أحمد المصري |
|
| 260 |
_aالاسكندرية: _bمؤسسة شباب الجامعة, _c2006 |
||
| 300 |
_a132 صفحة؛ _bإيضاحات ؛ _c25 سم |
||
| 520 | _aمفهوم و اهمية العلاقات العامة و الاتصلات مع التطرق الى وسائل الاتصال و تنظيم نشاط العلاقات العامة ، الجمهور و الرأي العامة و أخيرا برامج العلاقات العامة. | ||
| 653 | _aالإتصال | ||
| 653 | _aالعلاقات العامة | ||
| 942 | _cكتاب | ||
| 999 |
_c43772 _d43772 |
||